000 00449pab a2200169 454500
008 180718b2006 xxu||||| |||| 00| 0 eng d
100 _aKapoor, V.K.
245 _aIndia-US relationship on an ascending trajectory
260 _c2006
300 _ap.354-63.
362 _aJul-Sep
650 _aIndia - Foreign relations - United States
650 _aInternational relations
700 _aAnand, Vinod
773 _aUSI Journal
909 _a72784
999 _c72784
_d72784